Autobahnnen + Schnellstraßen Knoten - Statistiken

Allgemein
  • Dieses Quiz wurde 8 mal gespielt
  • Das Durchschnittsergebnis liegt bei 41 aus 89
Antwortstatistiken
Tipp Konten ... % Korrekt
A1 A7 Linz
100%
A7 A1 Linz
100%
A1 A10 Salzburg
100%
A10 A1 Salzburg
100%
A11 A2 A10 Villach
86%
A10 A2 A11 Villach
86%
A2 A10 A11 Villach
86%
A1 A8 A9 Voralpenkreuz
86%
A8 A1 A9 Voralpenkreuz
86%
A9 A1 A8 Voralpenkreuz
86%
A2 A21 S1 Vösendorf
86%
A21 A2 S1 Vösendorf
86%
S1 A2 A21 Vösendorf
86%
A8 A25 Wels
86%
A25 A8 Wels
86%
S6 S35 B116 Bruck
71%
S35 S6 Bruck
71%
A2 A9 Graz-West
71%
A9 A2 Graz-West
71%
A4 A23 Prater
71%
A23 A41 A4 Prater
71%
A4 S1 Schwechat
71%
S1 A4 Schwechat
71%
A1 S33 St Pölten
71%
S33 A1 St. Pölten
71%
A2 S4 B17 Wiener Neustadt
71%
S4 A2 B17 Wiener Neustadt
71%
A3 S31 Eisenstadt
57%
S31 A3 Eisenstadt
57%
A1 A25 Haid
57%
A25 A1 Haid
57%
A2 A23 Inzersdorf
57%
A3 A2 Inzersdorf
57%
A23 A2 Inzersdorf
57%
A2 S37 B83 B95 Klagenfurt-Nord
57%
S37 A2 B83 B95 Klagenfurt-Nord
57%
A2 S7 Riegersdorf
57%
S7 A2 Riegersdorf
57%
A1 A21 Steinhäusl
57%
A21 A1 Steinhäusl
57%
A9 S6 S36 B113 B116 St. Michael
57%
S6 S36 A9 B113 B116 St. Michael
57%
S36 S6 A9 B113 B116 St. Michael
57%
A5 S1 Eibesbrunn
43%
S1 A5 Eibesbrunn
43%
A2 A3 Guntramsdorf
43%
A7 A26 Hummelhof
43%
A26 A7 Hummelhof
43%
A22 A23 B3b Kaisermühlen
43%
A23 A22 B3b Kaisermühlen
43%
S4 (S401) S31 Mattersburg
43%
S31 S4 Mattersburg
43%
A2 S6 Seebenstein
43%
S6 A2 Seebenstein
43%
A22 S5 S3 Stockerau
43%
S3 S5 A22 Stockerau
43%
S5 S3 A22 Stockerau
43%
A14 B202 Bregenz
29%
A10 B100 B98 Spittal
29%
A10 B150 B160 Salzburg-Süd
29%
S1(ZUB) Raasdorf
29%
S36 S37 B96 (Plan) Scheifling
29%
S37 S36 B96 (Plan) Scheifling
29%
S1 S2 Süßenbrunn
29%
S2 S1 (Plan) Süßenbrunn
29%
A4 A6 Bruckneudorf
14%
A6 A4 Bruckneudorf
14%
A9 S35 B67 Deutschfeistritz
14%
S35 A9 B67 Deutschfeistritz
14%
A14 S18 B204 (Plan) Dornbirn-West
14%
S18 A14 B2ß4 Dornbirn-West
14%
A12 B179 (Plan) Fernpass
14%
S5 S33 Jettsdorf
14%
S33 S5 Jettsdorf
14%
A22 S1 B305 Korneuburg
14%
S1 A22 B305 Korneuburg
14%
S33 B37a B43 L114 Traismmauer-Nord
14%
S1 S8 Aderklaa
0%
S8 S1 Aderklaa
0%
A22 B227 B229 B7 Floridsdorf
0%
A12 A13 Innsbruck-Amras
0%
A10 A10a (B311) Pongau Bischofshofen
0%
A22 (ZUB.) B14 Handelskai
0%
A13 A12 Innsbruck-Amras
0%
A12 A13 Innsbruck-Wilten
0%
A13 A12 Innsbruck-Wilten
0%
A12 B180 Oberinntal
0%
S34 A1 (Plan) Schwadorf
0%
A7 B125 B126 B127 Urfahr
0%
Keine übereinstimmenden Quizze gefunden
Verteilung der Resultate
Anzahl Personen mit jedem Resultat
Perzentil nach korrekt beantworteten Fragen
Ihre Resultats-Entwicklung
Sie haben dieses Quiz noch nicht gespielt